[Event "Barcelona Seniors 55 op 2nd"]
[Site "Barcelona"]
[Date "2015.03.16"]
[Round "1"]
[White "Cobo Sampron, Ramon"]
[Black "Brusi Noguera, Ricardo Ll"]
[Result "0-1"]
[WhiteElo "1859"]
[BlackElo "2271"]
[PlyCount "140"]
[EventDate "2015.03.16"]
[EventType "swiss"]
[EventRounds "8"]
[EventCountry "ESP"]
[SourceTitle "EXT 2016"]
[Source "ChessBase"]
[SourceDate "2015.10.08"]
[SourceVersion "1"]
[SourceVersionDate "2015.10.08"]
[SourceQuality "1"]

1. e4 c5 2. Nf3 e6 3. d4 cxd4 4. Nxd4 Nc6 5. c3 Nf6 6. Bd3 d6 7. 0-0 Be7 8. Nd2 a6 9. N2f3 Qc7 10. Ne2 b5 11. Ng3 Bb7 12. Bg5 b4 13. c4 h6 14. Bf4 g5 15. Be3 a5 16. Rc1 Ng4 17. Bd4 Nxd4 18. Nxd4 Ne5 19. Be2 Qd7 20. b3 Ng6 21. c5 Ba6 22. c6 Qc8 23. Nb5 Bxb5 24. Bxb5 Qc7 25. Ne2 Rb8 26. Ba4 0-0 27. Nd4 Rbd8 28. Qd3 Nf4 29. Qc4 d5 30. exd5 Nxd5 31. Nb5 Qb6 32. Rfd1 Bf6 33. Qc5 Qxc5 34. Rxc5 Be7 35. Rc2 Bf6 36. g3 Bc3 37. Rd3 Kg7 38. Nxc3 Nxc3 39. Rcxc3 bxc3 40. Rxc3 Rd4 41. Rc5 Rxa4 42. bxa4 Rc8 43. Kf1 Kf6 44. Ke2 Ke7 45. Kd3 Kd6 46. Rxa5 Rxc6 47. Ra7 f5 48. Rh7 Ra6 49. Rxh6 Rxa4 50. h4 gxh4 51. Rxh4 Rxa2 52. Ke3 Ra3+ 53. Ke2 Ke5 54. Rb4 Ra6 55. f4+ Kf6 56. Rb2 Kg6 57. Kf2 Kh5 58. Re2 Kg4 59. Kg2 Ra3 60. Rxe6 Rxg3+ 61. Kf2 Ra3 62. Re2 Kxf4 63. Kg2 Kg4 64. Kf2 f4 65. Rc2 Rh3 66. Kg2 f3+ 67. Kg1 Kg3 68. Rf2 Rh1+ 69. Kxh1 Kxf2 70. Kh2 Ke1 0-1